| 000 | 00537nam a2200217 a 4500 | ||
|---|---|---|---|
| 001 | 0001-2049 | ||
| 003 | ELIB.Books | ||
| 008 | 190716 2010 eng | ||
| 020 | _aKBTS | ||
| 092 |
_a220 _bTay |
||
| 100 | _aTay, Mary W. J. | ||
| 245 | _aHow to Read the Bible | ||
| 260 |
_aSingapore _bGenesis _c2008 |
||
| 300 |
_a159 _c21 Cm |
||
| 650 | _aBible | ||
| 856 |
_nKBTS Library _uKBTS Elib |
||
| 942 |
_2ddc _cBK |
||
| 990 | _a2 | ||
| 998 |
_aEnglishbooks.elf _ccat _e2019-07-16 _mcat _u2019-07-23 |
||
| 999 |
_c12049 _d12049 |
||